000 00550nam a22001457a 4500
005 20241217093431.0
008 241001b |||||||| |||| 00| 0 eng d
082 _2DPer050 M72 January-March 2018 v. 66 no. 8-10
100 _aMagaling-Esposo, Sheila.
_eauthor.
_961910
245 _aAntas ng pagbasa /
_cSheila Magaling-Esposo.
260 _aPhilippines;
_bPublishers Association of the Philippines, Inc.,
_cNovember 2018.
300 _aVolume 66, pages 230,
_billustration.
700 _aMagaling-Esposo, Sheila.
_eauthor.
_961911
942 _2ddc
_cPER
999 _c22061
_d22061